Normal view
MARC view
- MATHEMATICAL STATISTICS PROBABILITIES (STATISTICS TEXTBOOKS AND MONOGRAPHS SERIES)
Entry Topical Term
001 - CONTROL NUMBER
- control field: 79280
003 - CONTROL NUMBER IDENTIFIER
- control field: NUST
005 - DATE AND TIME OF LATEST TRANSACTION
- control field: 20210628210417.0
008 - FIXED-LENGTH DATA ELEMENTS
- fixed length control field: 210628|| aca||aabn | a|a d
040 ## - CATALOGING SOURCE
- Original cataloging agency: NUST
- Transcribing agency: NUST
150 ## - HEADING--TOPICAL TERM
- Topical term or geographic name entry element: MATHEMATICAL STATISTICS PROBABILITIES (STATISTICS TEXTBOOKS AND MONOGRAPHS SERIES)
670 ## - SOURCE DATA FOUND
- Source citation: Work cat.: (NUST): BOULLION, T.L ,DURAN, ROBERT M ,BETHEA, ROBERT M 79279, STATISTICAL METHODS FOR ENGINEERS AND SCIENTISTS, 1985
